Statistics for Top 100 Biggest Cities in Mississippi

Click here to take the quiz!

General Stats

  • This quiz has been taken 710 times
    (576 since last reset)
  • The average score is 34 of 100

Answer Stats

#CityPopulation% Correct
1Jackson160,628
100%
4Biloxi46,212
88%
2Gulfport71,705
88%
5Hattiesburg45,863
78%
10Oxford28,122
75%
7Tupelo38,312
75%
20Vicksburg21,653
71%
8Meridian36,347
70%
14Starkville25,653
66%
3Southaven55,780
63%
27Natchez14,615
61%
19Pascagoula21,699
61%
9Greenville29,085
57%
18Columbus23,573
52%
22Laurel18,338
52%
13Madison25,661
52%
12Pearl26,510
51%
40Yazoo City10,869
51%
6Olive Branch38,924
50%
29Bay St. Louis14,034
49%
16Brandon24,289
45%
33McComb13,013
44%
52Philadelphia7,078
44%
15Clinton24,440
43%
31Greenwood13,561
42%
34Grenada12,219
42%
17Ridgeland24,104
42%
36Brookhaven11,947
40%
23Ocean Springs17,862
39%
26Clarksdale14,894
38%
38Cleveland11,073
37%
24Hernando16,399
36%
55Pass Christian6,307
36%
28Corinth14,472
35%
11Horn Lake27,272
35%
42West Point10,404
35%
35Canton12,094
34%
32Moss Point13,350
34%
59Columbia5,837
33%
30D'Iberville14,012
33%
44Indianola9,037
33%
54Kosciusko6,720
33%
39Picayune10,904
33%
51Batesville7,218
32%
25Long Beach16,023
31%
48Holly Springs7,798
30%
58Louisville5,983
30%
43Flowood9,380
28%
60Forest5,536
28%
21Gautier18,490
28%
45New Albany8,753
28%
41Petal10,632
28%
64Waynesboro4,805
28%
72Winona3,964
28%
62Aberdeen5,205
27%
88Collins2,425
27%
69Florence4,494
27%
70Magee4,097
27%
50Richland7,241
27%
81Newton3,155
26%
57Pontotoc6,109
26%
49Senatobia7,610
26%
56Waveland6,302
26%
68Wiggins4,541
26%
53Amory6,794
25%
74Hazlehurst3,730
25%
83Iuka2,937
25%
89Macon2,421
25%
65Carthage4,782
24%
76Houston3,427
24%
98Quitman2,111
24%
46Booneville8,497
23%
82Lucedale3,153
23%
91Mendenhall2,387
23%
84Poplarville2,899
23%
71Fulton3,980
22%
79Water Valley3,255
22%
37Byram11,428
21%
66Crystal Springs4,715
21%
67Ellisville4,559
21%
47Diamondhead8,048
20%
100Eupora2,005
19%
73Leland3,766
19%
61Ripley5,273
19%
63Saltillo5,062
19%
95Magnolia2,212
17%
90Purvis2,392
17%
97Raymond2,115
17%
78Baldwyn3,268
16%
94Lumberton2,218
16%
86Okolona2,591
16%
75Morton3,527
15%
80Verona3,232
13%
85Guntown2,792
12%
92Hollandale2,304
11%
93Durant2,262
10%
87Ruleville2,557
10%
96Farmington2,155
7%
77Tutwiler3,416
7%
99Moorhead2,063
5%

Score Distribution

Percentile by Number Answered

Percent of People with Each Score

Your Score History

You have not taken this quiz since the last reset